00289nam a22001097a 450000500170000000800410001704000190005804100120007708200130008924500670010285000100016920230818140844.0230818b |||||||| |||| 00| 0 eng d aLoreto college aEnglish a320bAYR aPower realignments in AsiabChina, India and the United States aLCLIB